Statistics for 1951 year quiz

Click here to take the quiz!

General Stats

  • This quiz has been taken 37 times
  • The average score is 6 of 10

Answer Stats

HintAnswer% Correct
President Truman fires this general who ran two US wars in east AsiaDouglas MacArthur
82%
This revolutionary birth control system introducedThe pill
82%
After a groundbreaking Labour government, this conservative is reelected in BritainWinston Churchill
82%
The US ends this general's plan to aid post-war EuropeGeorge Marshall
74%
This country's oil nationalisation programme riles Western powersIran
65%
This reclusive author writes The Catcher in the RyeJD Salinger
59%
The US puts this couple on trial for their life on spying chargesThe Rosenbergs
59%
Colour TV pictures are first broadcast in the US from this buildingThe Empire State Building
56%
This Dickens adaptation's antisemitic scenes are cut in the USOliver
41%
This Scottish coronation relic discovered a year after students stole itThe Stone of Scone
29%

Score Distribution

Percentile by Number Answered

Percent of People with Each Score

Your Score History

You have not taken this quiz